Nr. 1 Hits in den USA 2013 - Statistiken

Allgemein
  • Dieses Quiz wurde 68 mal gespielt
  • Das Durchschnittsergebnis liegt bei 8 aus 11
Antwortstatistiken
Wochen auf Platz 1 Lied Interpret % Korrekt
2 Wochen Roar Katy Perry
97%
3 Wochen Wrecking Ball Miley Cyrus
92%
6 Wochen Locked Out of Heaven Bruno Mars
87%
1 Woche When I Was Your Man Bruno Mars
87%
5 Wochen Can’t Hold Us Macklemore & Ryan Lewisfeat. Ray Dalton
81%
6 Wochen Thrift Shop Macklemore & Ryan Lewisfeat. Wanz
81%
3 Wochen The Monster Eminem feat. Rihanna
78%
9 Wochen Royals Lorde
73%
3 Wochen Just Give Me a Reason Pink feat. Nate Ruess
70%
12 Wochen Blurred Lines Robin Thicke feat. T.I. &Pharrell
67%
5 Wochen Harlem Shake Baauer
21%
Keine übereinstimmenden Quizze gefunden
Verteilung der Resultate
Anzahl Personen mit jedem Resultat
Perzentil nach korrekt beantworteten Fragen
Ihre Resultats-Entwicklung
Sie haben dieses Quiz noch nicht gespielt